Ügyfélkapcsolat menedzsment szervezési, hatékonysági kérdései, gyakorlata, teljesítményértékelési lehetőségei

Bibliographic Details
Main Author: Bányai Attila
Other Authors: Fülöp Dr. Sándor
Format: Thesis
Kulcsszavak:CRM
Ügyfélkapcsolat menedzsment
Marketing
Online Access:http://dolgozattar.uni-bge.hu/9176

MARC

LEADER 00000nta a2200000 i 4500
001 dolg9176
005 20161216113544.0
008 161216suuuu hu om 000 hun d
040 |a BGE Dolgozattár Repozitórium  |b hun 
041 |a hu 
100 1 |a Bányai Attila 
245 1 0 |a Ügyfélkapcsolat menedzsment szervezési, hatékonysági kérdései, gyakorlata, teljesítményértékelési lehetőségei  |c Bányai Attila  |h [elektronikus dokumentum] 
695 |a CRM 
695 |a Ügyfélkapcsolat menedzsment 
695 |a Marketing 
700 1 |a Fülöp Dr. Sándor  |e ths 
856 4 0 |u http://dolgozattar.uni-bge.hu/9176/3/B%C3%A1nyai%20Attila_I2EE9C_szakdolgozat.pdf  |z Dokumentum-elérés 
856 4 0 |u http://dolgozattar.uni-bge.hu/9176/4/titkos%C3%ADt%C3%A1si%20k%C3%A9relem.PDF  |z Dokumentum-elérés 
856 4 0 |u http://dolgozattar.uni-bge.hu/9176/5/hallgat%C3%B3i%20nyilatkozat.PDF  |z Dokumentum-elérés